A view from the bridge : (Record no. 5604)

MARC details
000 -LEADER
fixed length control field 00508nam a22001817a 4500
003 - CONTROL NUMBER IDENTIFIER
control field GBCCL
005 - DATE AND TIME OF LATEST TRANSACTION
control field 20241126110545.0
008 - FIXED-LENGTH DATA ELEMENTS--GENERAL INFORMATION
fixed length control field 180329b ||||| |||| 00| 0 eng d
040 ## - CATALOGING SOURCE
Transcribing agency GBC
082 ## - DEWEY DECIMAL CLASSIFICATION NUMBER
Classification number 808.82
Item number MIL
100 ## - MAIN ENTRY--PERSONAL NAME
Relationship Miller, Arthur
245 ## - TITLE STATEMENT
Title A view from the bridge :
Remainder of title All my sons
Statement of responsibility, etc. Arthur Miller
260 ## - PUBLICATION, DISTRIBUTION, ETC.
Place of publication, distribution, etc. Harmondsworth, Middlesex :
Name of publisher, distributor, etc. Penguin Books,
Date of publication, distribution, etc. 1973.
300 ## - PHYSICAL DESCRIPTION
Extent 171 p. ;
Other physical details 18 cm.
440 ## - SERIES STATEMENT/ADDED ENTRY--TITLE
Title Penguin plays.
9 (RLIN) 10129
650 ## - SUBJECT ADDED ENTRY--TOPICAL TERM
Topical term or geographic name entry element American drama.
9 (RLIN) 10130
942 ## - ADDED ENTRY ELEMENTS (KOHA)
Source of classification or shelving scheme Dewey Decimal Classification
Koha item type Books
Holdings
Withdrawn status Lost status Source of classification or shelving scheme Damaged status Not for loan Home library Current Library Shelving location Date acquired Total checkouts Full call number Barcode Date last seen Copy number Price effective from Koha item type
    Dewey Decimal Classification     GRACE BIBLE COLLEGE GRACE BIBLE COLLEGE General Studies 2018-03-29   808.82 MIL 002335 2025-05-01 c.1 2018-03-29 Books
© Grace Bible College Library 2025